000 00425nam a22001457a 4500
008 250623b |||||||| |||| 00| 0 eng d
020 _a9788192954295
050 _aGC9
_b.K35
100 _aKailash R
245 _aEncyclopedia of ocean and oceanography living earth
260 _aNew Delhi
_bAmiga press inc
_c2023
300 _aviii, 212p.
_b2023
650 _aOcean-encyclopedias
_vOceanography-encyclopedias
942 _cBK
999 _c3949
_d3949